<?xml version="1.0" encoding="UTF-8"?>
<collection xmlns="http://www.loc.gov/MARC21/slim">
<record>
  <controlfield tag="001">156145</controlfield>
  <controlfield tag="005">20250516093842.0</controlfield>
  <datafield tag="037" ind1=" " ind2=" ">
    <subfield code="a">TAZ-TFG-2021-1751</subfield>
  </datafield>
  <datafield tag="041" ind1=" " ind2=" ">
    <subfield code="a">spa</subfield>
  </datafield>
  <datafield tag="100" ind1="1" ind2=" ">
    <subfield code="a">Ubiergo Maidagan, Edurne Isabel</subfield>
  </datafield>
  <datafield tag="242" ind1="0" ind2="0">
    <subfield code="a">Benefits of mindfulness and self-compassion on burnout in health care professionals: a systematic review</subfield>
  </datafield>
  <datafield tag="245" ind1="0" ind2="0">
    <subfield code="a">Beneficios del mindfulness y la autocompasión sobre el burnout en sanitarios: una revisión sistemática</subfield>
  </datafield>
  <datafield tag="260" ind1=" " ind2=" ">
    <subfield code="a">Zaragoza</subfield>
    <subfield code="b">Universidad de Zaragoza</subfield>
    <subfield code="c">2021</subfield>
  </datafield>
  <datafield tag="506" ind1=" " ind2=" ">
    <subfield code="a">by-nc-sa</subfield>
    <subfield code="b">Creative Commons</subfield>
    <subfield code="c">3.0</subfield>
    <subfield code="u">http://creativecommons.org/licenses/by-nc-sa/3.0/</subfield>
  </datafield>
  <datafield tag="520" ind1=" " ind2=" ">
    <subfield code="a">La presente revisión examina la literatura sobre los beneficios del mindfulness y la autocompasión en la reducción y prevención del burnout en sanitarios. Para ello, se seleccionaron un total de 11 artículos. Se encontró que las intervenciones basadas en la práctica del mindfulness en solitario o en combinación con prácticas de autocompasión, reducen el burnout y que en general, estos efectos se mantienen a largo plazo. Estas intervenciones, que dan lugar a efectos a largo plazo, constan de sesiones de 2-3 horas semanales las cuales se prolongan durante 6 u 8 semanas. A esto se le añade una sesión diaria de 45 minutos que se realiza de forma individual.  Aunque estas intervenciones redujeron el burnout, no queda claro si se da en todos los componentes del burnout o solo en uno de ellos; agotamiento emocional. Una gran limitación del estudio es que ningún artículo evaluó la eficacia de una intervención basada exclusivamente en la autocompasión, por lo que no se puede concluir nada sobre este tipo de intervención en solitario. Además, en los estudios revisados la mayoría de sus participantes eran mujeres, por ello en el futuro, se debería investigar si se encuentran los mismos efectos en los hombres.&lt;br />&lt;br /></subfield>
  </datafield>
  <datafield tag="521" ind1=" " ind2=" ">
    <subfield code="a">Graduado en Psicología</subfield>
  </datafield>
  <datafield tag="540" ind1=" " ind2=" ">
    <subfield code="a">Derechos regulados por licencia Creative Commons</subfield>
  </datafield>
  <datafield tag="700" ind1=" " ind2=" ">
    <subfield code="a">Lombas Fouletier, Andrés Sebastián</subfield>
    <subfield code="e">dir.</subfield>
  </datafield>
  <datafield tag="710" ind1="2" ind2=" ">
    <subfield code="a">Universidad de Zaragoza</subfield>
    <subfield code="b">Psicología y Sociología</subfield>
    <subfield code="c">Metod. de las Ciencias del Comportamiento</subfield>
  </datafield>
  <datafield tag="856" ind1="0" ind2=" ">
    <subfield code="f">757504@unizar.es</subfield>
  </datafield>
  <datafield tag="856" ind1="4" ind2=" ">
    <subfield code="s">446287</subfield>
    <subfield code="u">http://zaguan.unizar.es/record/156145/files/TAZ-TFG-2021-1751.pdf</subfield>
    <subfield code="y">Memoria (spa)</subfield>
  </datafield>
  <datafield tag="909" ind1="C" ind2="O">
    <subfield code="o">oai:zaguan.unizar.es:156145</subfield>
    <subfield code="p">driver</subfield>
    <subfield code="p">trabajos-fin-grado</subfield>
  </datafield>
  <datafield tag="950" ind1=" " ind2=" ">
    <subfield code="a"></subfield>
  </datafield>
  <datafield tag="980" ind1=" " ind2=" ">
    <subfield code="a">TAZ</subfield>
    <subfield code="b">TFG</subfield>
    <subfield code="c">FCSH</subfield>
  </datafield>
  <datafield tag="999" ind1=" " ind2=" ">
    <subfield code="a">20210619173032.CREATION_DATE</subfield>
  </datafield>
  <datafield tag="951" ind1=" " ind2=" ">
    <subfield code="a">deposita:2025-05-16</subfield>
  </datafield>
</record>
</collection>